01018nam a2200205Ia 4500003000400000005001700004008004000021020001800061040000700079041000800086082002000094100001700114245001900131260003200150300002200182365003300204520052300237650002700760650002500787OSt20260306105904.0210210b2008 xxu||||| |||| 00| 0 eng d a9780670082032 cAL aeng a820.33 GHOS223 aAmitav Ghosh aSea of Poppies aLondonbPenguin Booksc2008 a515pbPBc20x13cm 2Englishb599.00c₹d599.00 aA motley array of sailors and stowaways, coolies and convicts is sailing down the Hooghly aboard the Ibis on its way to Mauritius. As they journey across the Indian Ocean old family ties are washed away, and they begin to view themselves as jahaj-bhais or ship brothers who will build new lives for themselves in the remote islands where they are being taken. A stunningly vibrant and intensely human work, Sea of Poppies, the first book in the Ibis trilogy, confirms Amitav Ghosh's reputation as a master storyteller. aIndian English Fiction aIndian English Novel